000 00354nam a2200133Ia 4500
005 20251222144724.0
008 251222s9999||||xx |||||||||||||| ||spa||
082 _a001.42 R68
100 _aRivas Galarreta, Enrique
245 0 _aMetodología de la investigación bibliográfica
250 _a2a.
264 _bUniversidad Antenor Orrego
942 _cLIB
999 _c18316
_d18316